[Event "Reykjavik Open 2026"]
[Site "Reykjavik ISL"]
[Date "2026.03.31"]
[Round "9.66"]
[White "Wall, Tim P"]
[Black "Haraldsson, Haraldur"]
[Result "1-0"]
[WhiteTitle "FM"]
[WhiteElo "2189"]
[BlackElo "1971"]
[WhiteFideId "401641"]
[BlackFideId "2311100"]
[EventDate "2026.03.25"]

1. d4 Nf6 2. Bg5 c5 3. d5 Qb6 4. Nc3 Qxb2 5. Bd2 Qb6 6. e4 d6 7. f4 e6 8. Rb1
Qc7 9. Bb5+ Nbd7 10. dxe6 fxe6 11. Nf3 a6 12. Bc4 Nb6 13. Bd3 e5 14. O-O Bg4 15.
h3 Bxf3 16. Qxf3 Be7 17. f5 O-O-O 18. Be3 d5 19. exd5 Nbxd5 20. Nxd5 Rxd5 21.
Bc4 Rd6 22. Qg3 Nd7 23. Qxg7 Bf6 24. Qf7 e4 25. Bf4 Be5 26. Be6 Bxf4 27. Rxf4
Rd4 28. Rbf1 Kb8 29. Qg7 Rd8 30. c3 Rd2 31. Rxe4 Qc6 32. Rfe1 Nf8 33. Qe5+ Ka8
34. R4e2 1-0

[Event "Reykjavik Open 2026"]
[Site "Reykjavik ISL"]
[Date "2026.03.31"]
[Round "9.67"]
[White "ADU, Oladapo"]
[Black "Dunn, Maxim"]
[Result "1-0"]
[WhiteTitle "IM"]
[WhiteElo "2173"]
[BlackElo "1941"]
[WhiteFideId "8500258"]
[BlackFideId "456551"]
[EventDate "2026.03.25"]

1. e4 c5 2. Nf3 d6 3. d4 cxd4 4. Nxd4 Nf6 5. Nc3 a6 6. f4 e5 7. Nf3 Nbd7 8. a4
Qc7 9. Bd3 Be7 10. O-O O-O 11. Kh1 Nc5 12. fxe5 dxe5 13. Bg5 Be6 14. Qe1 h6 15.
Bh4 Rad8 16. Rd1 Rfe8 17. Bg3 Nfd7 18. Nd4 Nxd3 19. Nxe6 fxe6 20. Rxd3 Rf8 21.
Rxf8+ Rxf8 22. Qd1 Nc5 23. Rf3 Rxf3 24. gxf3 Bg5 25. Qe2 Nd7 26. Qd3 Bf4 27. Bf2
Nf8 28. Ne2 Qf7 29. b4 Qh5 30. Nxf4 exf4 31. c4 Ng6 32. Kg2 Ne5 33. Qc3 Nf7 34.
c5 Ng5 35. h4 Nf7 36. b5 axb5 37. axb5 g5 38. Qf6 gxh4 39. Qxe6 Qg5+ 40. Kh3 Kg7
41. Qd7 Qg6 42. Qxb7 Qe6+ 43. Kxh4 Qa2 44. Bd4+ Kg8 45. Qb8+ Kh7 46. Qxf4 1-0

[Event "Reykjavik Open 2026"]
[Site "Reykjavik ISL"]
[Date "2026.03.31"]
[Round "9.68"]
[White "Ferzli, Michael"]
[Black "Ornolfsson, Magnus P."]
[Result "0-1"]
[BlackTitle "CM"]
[WhiteElo "1930"]
[BlackElo "2160"]
[WhiteFideId "5310288"]
[BlackFideId "2301016"]
[EventDate "2026.03.25"]

1. d4 Nf6 2. c4 c5 3. d5 b5 4. cxb5 a6 5. bxa6 Bxa6 6. Nc3 g6 7. e4 d6 8. Nf3
Bg7 9. Be2 O-O 10. O-O Nfd7 11. Nd2 Qa5 12. Bxa6 Nxa6 13. Nc4 Qb4 14. Qd3 Nb6
15. Nxb6 Qxb6 16. Rb1 Rfb8 17. Bd2 Nb4 18. Qc4 Qa6 19. Qxa6 Rxa6 20. a4 Nc2 21.
Rfc1 Nd4 22. Be3 Nb3 23. Rc2 Bd4 24. Bh6 Bxc3 25. bxc3 c4 26. Ra2 Rba8 27. f3 f6
28. Be3 Rxa4 29. Rxa4 Rxa4 30. Rb2 Ra1+ 31. Kf2 Kf7 32. h4 h5 33. Re2 e6 34. Bf4
e5 35. Be3 f5 36. g3 Nc1 37. Bxc1 Rxc1 38. Ra2 Rxc3 39. Ra7+ Ke8 40. Rg7 fxe4
41. fxe4 Rd3 42. Rxg6 Kd7 43. Rg7+ Kd8 44. g4 c3 45. Rg8+ Kd7 46. Rg7+ Kc8 47.
Rg8+ Kb7 48. Rg7+ Kb6 49. Rd7 hxg4 50. Rxd6+ Kc5 51. Rc6+ Kd4 52. h5 Kxe4 53. d6
c2 54. Rxc2 Rxd6 55. Kg3 Kf5 56. Kh4 Rd3 57. Rh2 Kf4 58. h6 g3 59. Re2 e4 60. h7
Rd1 61. Kh5 Rh1+ 62. Kg6 Kf3 63. Re1 g2 64. Rg1 Kf2 0-1

[Event "Reykjavik Open 2026"]
[Site "Reykjavik ISL"]
[Date "2026.03.31"]
[Round "9.69"]
[White "Damen, Josephine"]
[Black "Pagan, Jonathan"]
[Result "1/2-1/2"]
[WhiteElo "1928"]
[BlackElo "2159"]
[WhiteFideId "1074369"]
[BlackFideId "30903017"]
[EventDate "2026.03.25"]

1. e4 c5 2. Nf3 e6 3. d4 cxd4 4. Nxd4 a6 5. Nc3 Qc7 6. Be2 Nf6 7. O-O Be7 8. Be3
Nc6 9. f4 d6 10. Qd2 O-O 11. Rad1 Bd7 12. Kh1 Rad8 13. a3 Nxd4 14. Bxd4 Bc6 15.
Qe3 Nd7 16. Qg3 Bf6 17. Bxf6 Nxf6 18. Bd3 Nd7 19. f5 exf5 20. exf5 Nf6 21. Rf2
Qb6 22. b4 Rfe8 23. Re2 Rxe2 24. Bxe2 d5 25. Bf3 d4 26. Ne2 Bb5 27. Qf2 Bxe2 28.
Qxe2 Qc7 1/2-1/2

[Event "Reykjavik Open 2026"]
[Site "Reykjavik ISL"]
[Date "2026.03.31"]
[Round "9.70"]
[White "Kamp, Adrian"]
[Black "Delpech, Anthony"]
[Result "1-0"]
[WhiteElo "2136"]
[BlackElo "1927"]
[WhiteFideId "16222466"]
[BlackFideId "36021245"]
[EventDate "2026.03.25"]

1. c4 Nf6 2. Nc3 d5 3. cxd5 Nxd5 4. g3 g6 5. Bg2 Nxc3 6. bxc3 Bg7 7. Rb1 c6 8.
Nf3 O-O 9. O-O e5 10. d4 Nd7 11. Bg5 Qa5 12. Qc2 Re8 13. e4 exd4 14. cxd4 Nf6
15. Bd2 Qh5 16. Rfe1 Ng4 17. h3 Nf6 18. Ng5 h6 19. Bf3 Bg4 20. hxg4 Nxg4 21.
Bxg4 Qxg4 22. Nxf7 Kxf7 23. Rxb7+ Kg8 24. Qxc6 Qe6 25. Qc7 Bxd4 26. Qh7+ Kf8 27.
Bxh6+ Bg7 28. Bxg7# 1-0

[Event "Reykjavik Open 2026"]
[Site "Reykjavik ISL"]
[Date "2026.03.31"]
[Round "9.71"]
[White "Hammari, Vinjar"]
[Black "Heidarsson, Mikael Bjarki"]
[Result "0-1"]
[WhiteTitle "FM"]
[WhiteElo "2135"]
[BlackElo "1925"]
[WhiteFideId "1552007"]
[BlackFideId "2317532"]
[EventDate "2026.03.25"]

1. e4 c6 2. d4 d5 3. e5 Bf5 4. h4 h5 5. Bd3 Bxd3 6. Qxd3 Qa5+ 7. Nd2 e6 8. Nf3
Nh6 9. O-O Nf5 10. c4 Be7 11. g3 O-O 12. b3 Rd8 13. Bb2 c5 14. Qe2 Nc6 15. cxd5
Rxd5 16. dxc5 Bxc5 17. Ne4 Ncd4 18. Nxd4 Bxd4 19. Bxd4 Rxd4 20. Ng5 g6 21. Rad1
Rad8 22. Rxd4 Nxd4 23. Qe4 Qd5 24. Kg2 Nc6 25. f4 Qa5 26. Rf2 Rd2 27. Rxd2 Qxd2+
28. Kh3 Qxa2 29. Nxe6 Qxb3 30. Ng5 Ne7 31. e6 fxe6 32. Qe5 Qd5 33. Qc7 Qh1# 0-1

[Event "Reykjavik Open 2026"]
[Site "Reykjavik ISL"]
[Date "2026.03.31"]
[Round "9.72"]
[White "Lilliehook, Victor"]
[Black "Schuurmans, Arjan"]
[Result "1-0"]
[WhiteElo "2128"]
[BlackElo "1913"]
[WhiteFideId "1752103"]
[BlackFideId "1084763"]
[EventDate "2026.03.25"]

1. e4 c5 2. Nf3 Nc6 3. d4 cxd4 4. Nxd4 Nf6 5. Nc3 e5 6. Ndb5 d6 7. a4 a6 8. Na3
Be6 9. Bg5 Rc8 10. Bc4 Nd4 11. Bxf6 gxf6 12. Nd5 Rg8 13. c3 Nc6 14. Qf3 Be7 15.
Ne3 Na5 16. Bd5 Qb6 17. Qe2 Qc7 18. O-O Rg5 19. b4 Nb3 20. Rab1 Qxc3 21. Rxb3
Qxb3 22. Bxb3 Bxb3 23. a5 Kd7 24. Nac4 Ke6 25. Qd3 Bxc4 26. Nxc4 f5 27. Qd5+ Kf6
28. Nxd6 Rg7 1-0

[Event "Reykjavik Open 2026"]
[Site "Reykjavik ISL"]
[Date "2026.03.31"]
[Round "9.73"]
[White "Harish, Neeraj"]
[Black "Meeuwissen, Morris"]
[Result "1-0"]
[WhiteTitle "CM"]
[WhiteElo "2121"]
[BlackElo "1857"]
[WhiteFideId "30958130"]
[BlackFideId "40107418"]
[EventDate "2026.03.25"]

1. e4 c5 2. Nf3 d6 3. d4 Nf6 4. Nc3 cxd4 5. Nxd4 Nc6 6. Bg5 e6 7. Qd3 Be7 8.
O-O-O a6 9. Nxc6 bxc6 10. f4 Bd7 11. e5 dxe5 12. fxe5 Nd5 13. Bxe7 Qxe7 14. Ne4
O-O 15. c4 Nb6 16. Qg3 Kh8 17. Bd3 f5 18. exf6 gxf6 19. Rhf1 Be8 20. Qh4 Nd7 21.
Bc2 Rf7 22. Qf4 f5 23. Ng5 Rg7 24. h4 Bh5 25. Rde1 e5 26. Qxf5 Bg6 27. Qf2 Rf8
28. Qd2 Nc5 29. b4 Rd8 30. Qf2 Ne6 31. Nxe6 Qxb4 32. Bxg6 Qc3+ 33. Bc2 Qa3+ 34.
Kb1 Rb8+ 35. Bb3 Rgb7 36. Qf8+ 1-0

[Event "Reykjavik Open 2026"]
[Site "Reykjavik ISL"]
[Date "2026.03.31"]
[Round "9.74"]
[White "Bartczak, Korneliusz"]
[Black "Gudnyjarson, Sigurdur Pall"]
[Result "1/2-1/2"]
[WhiteElo "2120"]
[BlackElo "1856"]
[WhiteFideId "2523558"]
[BlackFideId "2321637"]
[EventDate "2026.03.25"]

1. e4 c6 2. d4 d5 3. Nd2 dxe4 4. Nxe4 Nf6 5. Nxf6+ exf6 6. c3 Bd6 7. Bd3 O-O 8.
Qc2 Re8+ 9. Ne2 h5 10. Be3 Nd7 11. O-O-O Nf8 12. Kb1 Be6 13. c4 b5 14. c5 Bc7
15. h3 Bd5 16. Rhg1 Bh2 17. Rh1 Bc7 18. Rhg1 Bh2 19. Rh1 Bc7 1/2-1/2

[Event "Reykjavik Open 2026"]
[Site "Reykjavik ISL"]
[Date "2026.03.31"]
[Round "9.75"]
[White "Nedin, Danylo"]
[Black "Karason, Askell O"]
[Result "0-1"]
[BlackTitle "IM"]
[WhiteElo "1909"]
[BlackElo "2109"]
[WhiteFideId "14195887"]
[BlackFideId "2300567"]
[EventDate "2026.03.25"]

1. b3 e5 2. Bb2 Nc6 3. c4 Nf6 4. Nf3 e4 5. Nd4 Bc5 6. Nf5 O-O 7. e3 d5 8. cxd5
Nb4 9. Ng3 Nbxd5 10. Nc3 Re8 11. Be2 Nb4 12. O-O Nd3 13. Bxd3 Qxd3 14. Qb1 Qxb1
15. Raxb1 b6 16. Rbc1 Ba6 17. Rfd1 Bd6 18. f3 exf3 19. gxf3 Bd3 20. Kf2 Rad8 21.
Nce2 Nd5 22. a3 c5 23. Rg1 g6 24. e4 Bxe2 25. Nxe2 Nf4 26. Nxf4 Bxf4 27. Rc2
Bxh2 28. Rd1 Rd3 29. b4 cxb4 30. axb4 Rb3 31. Bf6 Be5 32. Bxe5 Rxe5 33. Rc8+ Kg7
34. d4 Rh5 35. Kg3 Rg5+ 36. Kf4 Rg2 37. e5 Rxb4 38. Rd3 h5 39. Ke3 h4 40. d5 h3
41. Rc1 Rg5 42. f4 Rg3+ 43. Kd2 Rb2+ 44. Kc3 Rb3+ 45. Kxb3 Rxd3+ 46. Kc4 Rd2 47.
d6 h2 48. Kb5 g5 49. fxg5 Rd5+ 50. Ka6 Rxe5 51. Kxa7 Rd5 52. Rh1 Rxd6 53. Rxh2
b5 54. Kb7 Rd5 55. Kc6 Rxg5 0-1

[Event "Reykjavik Open 2026"]
[Site "Reykjavik ISL"]
[Date "2026.03.31"]
[Round "9.77"]
[White "Blokzijl, Ruben"]
[Black "Quirke, Jeffrey"]
[Result "1/2-1/2"]
[WhiteElo "1851"]
[BlackElo "2075"]
[WhiteFideId "1091964"]
[BlackFideId "2013029"]
[EventDate "2026.03.25"]

1. f4 d5 2. Nf3 g6 3. e3 Bg7 4. c4 Nf6 5. cxd5 Nxd5 6. d4 c5 7. Bb5+ Nc6 8.
Bxc6+ bxc6 9. O-O cxd4 10. exd4 O-O 11. Re1 Bg4 12. Nc3 Bxf3 13. gxf3 c5 14.
Nxd5 Bxd4+ 15. Ne3 Qd6 16. Kg2 Qxf4 17. Nc2 Qd6 18. Nxd4 cxd4 19. Bg5 Rfe8 20.
Qd2 f6 21. Bf4 e5 22. Bg3 Qd5 23. b3 Rad8 24. Rac1 Rd7 25. Rc4 Kg7 26. Bf2 Ree7
27. Bxd4 exd4 28. Rxd4 Qb7 29. Rxe7+ Rxe7 30. Kf2 1/2-1/2

[Event "Reykjavik Open 2026"]
[Site "Reykjavik ISL"]
[Date "2026.03.31"]
[Round "9.78"]
[White "Hardarson, Jon Trausti"]
[Black "Acevedo Mendez, Lisseth"]
[Result "1-0"]
[WhiteTitle "CM"]
[BlackTitle "WIM"]
[WhiteElo "2071"]
[BlackElo "1855"]
[WhiteFideId "2302594"]
[BlackFideId "6502938"]
[EventDate "2026.03.25"]

1. e4 e5 2. Nf3 Nc6 3. Bb5 Nf6 4. Nc3 Bc5 5. O-O d6 6. d4 exd4 7. Nxd4 Bd7 8.
Bxc6 bxc6 9. Nb3 Bb6 10. Bg5 h6 11. Bh4 g5 12. Bg3 O-O 13. e5 Bg4 14. Qd3 dxe5
15. Qxd8 Raxd8 16. Bxe5 Nd5 17. Nxd5 cxd5 18. a4 f6 19. Bc3 a6 20. a5 Ba7 21.
Bb4 Rfe8 22. Bc5 Bxc5 23. Nxc5 Rd6 24. b4 Rb8 25. Rfb1 Be2 26. f3 Bc4 27. Kf2
Kf7 28. c3 Bb5 29. Rd1 Re8 30. Ra2 f5 31. g3 f4 32. gxf4 gxf4 33. Rd4 c6 34.
Rxf4+ Rf6 35. Rxf6+ Kxf6 36. Rd2 Kf5 37. Nb3 Kf4 38. Rd4+ Kg5 39. Rg4+ Kf6 40.
Nd4 Ba4 41. h4 h5 42. Rg5 Rh8 43. Ke3 Rh6 44. Kf4 Rh8 45. Rf5+ Kg6 46. Ke5 Re8+
47. Ne6 Bb5 48. Rf6+ Kh7 49. f4 Ba4 50. f5 Rg8 51. Ng5+ Kg7 52. Rf7+ 1-0

[Event "Reykjavik Open 2026"]
[Site "Reykjavik ISL"]
[Date "2026.03.31"]
[Round "9.79"]
[White "Magzumov, Damirali"]
[Black "Schulz, Jannis"]
[Result "0-1"]
[WhiteElo "1782"]
[BlackElo "2063"]
[WhiteFideId "13727117"]
[BlackFideId "16224710"]
[EventDate "2026.03.25"]

1. e4 c6 2. d4 d5 3. Nd2 dxe4 4. Nxe4 Nf6 5. Nxf6+ exf6 6. c3 Bd6 7. Bd3 O-O 8.
Qc2 c5 9. Ne2 h6 10. dxc5 Bxc5 11. Bf4 Nc6 12. Rd1 Qb6 13. O-O a5 14. Ng3 Bg4
15. Rd2 Rfd8 16. Ne4 Bf8 17. h3 Be6 18. Be3 Qc7 19. f4 a4 20. Qb1 Na5 21. Bd4
Be7 22. Qe1 Nc6 23. Bb1 Nxd4 24. cxd4 f5 25. Nc3 Bf6 26. Qf2 a3 27. Ne2 Qb6 28.
b3 Ra5 29. Re1 Rad5 30. Red1 Qb4 31. Kh2 b6 32. Qe3 Bc8 33. Qf2 g6 34. Qf3 Bxd4
35. Nxd4 Rxd4 36. Rxd4 Rxd4 37. Rxd4 Qxd4 38. Bd3 Be6 39. Kg3 Kg7 40. Qe2 Bd5
41. Bc4 Be4 42. Qf2 Qb2 43. Qe2 Qxe2 44. Bxe2 Bb1 45. Bd1 Kf6 46. Kf2 Ke6 47.
Ke3 Kd5 48. h4 Bxa2 49. Kd3 Bb1+ 50. Kc3 Ke4 51. g3 Ke3 52. h5 Kf2 53. g4 fxg4
54. Bxg4 gxh5 55. Bxh5 f5 56. b4 Ke3 57. Kb3 a2 58. Kb2 Kxf4 59. Bd1 Ke3 0-1

[Event "Reykjavik Open 2026"]
[Site "Reykjavik ISL"]
[Date "2026.03.31"]
[Round "9.80"]
[White "Patel, Zain"]
[Black "Geirsson, Kristjan"]
[Result "1-0"]
[WhiteElo "2062"]
[BlackElo "1805"]
[WhiteFideId "469246"]
[BlackFideId "2313596"]
[EventDate "2026.03.25"]

1. Nf3 Nf6 2. d4 e6 3. e3 d5 4. Bd3 c5 5. b3 b6 6. O-O Bb7 7. Bb2 Nbd7 8. Nbd2
Bd6 9. Ne5 O-O 10. f4 Ne4 11. c4 f5 12. Ndf3 Nxe5 13. fxe5 Be7 14. cxd5 Bxd5 15.
Qe2 Rc8 16. Rac1 Rc7 17. Rfd1 Qc8 18. Ba6 Bb7 19. Bxb7 Qxb7 20. Qc4 Qd5 21. Qxd5
exd5 22. dxc5 Bxc5 23. Nd4 Bxd4 24. Rxc7 Bxb2 25. Rxd5 Re8 26. e6 Nf6 27. Rd2
Ba3 28. Rxa7 Bc5 29. Rd3 Rxe6 30. a4 f4 31. Kf1 fxe3 32. Ke2 Bb4 33. Rxe3 Rxe3+
34. Kxe3 Bc5+ 35. Kd3 Ng4 36. h3 Ne5+ 37. Ke4 Nc6 38. Ra8+ Kf7 39. Kd5 Ne7+ 40.
Kc4 Bg1 41. b4 Kf6 42. Rf8+ Kg5 43. Rf1 Be3 44. Rf7 Nf5 45. Kd3 Bg1 46. g4 Nd4
47. Rf1 1-0

[Event "Reykjavik Open 2026"]
[Site "Reykjavik ISL"]
[Date "2026.03.31"]
[Round "9.81"]
[White "Digernes, Magnus"]
[Black "Parsheh, Arshia"]
[Result "1-0"]
[WhiteElo "2047"]
[BlackElo "1712"]
[WhiteFideId "1514873"]
[BlackFideId "30967473"]
[EventDate "2026.03.25"]

1. d4 Nf6 2. Nc3 d5 3. Bf4 a6 4. e3 e6 5. g4 Bb4 6. Ne2 c5 7. a3 Bxc3+ 8. Nxc3
cxd4 9. exd4 Nc6 10. g5 Nd7 11. Qd2 Nb6 12. O-O-O Qe7 13. Qe3 O-O 14. Qg3 e5 15.
dxe5 Bf5 16. Bd3 Bxd3 17. Rxd3 Rfd8 18. Rhd1 Qc5 19. Qh4 Qc4 20. Rh3 Kf8 21. g6
fxg6 22. e6 Ne7 23. Bg5 Qxh4 24. Rxh4 h6 25. Be3 g5 26. Rb4 Nc4 27. Bc5 Rac8 28.
Bxe7+ Kxe7 29. Nxd5+ Kxe6 30. Nc7+ Ke7 31. Rxc4 Rxd1+ 32. Kxd1 Kd7 33. Nd5 Rf8
34. Ke2 Rf5 35. Ne3 Rb5 36. b3 Ra5 37. a4 b5 38. Rc5 Kd6 39. Rf5 Ke6 40. Kd3 g6
41. Rc5 Kd6 42. Kd4 Kd7 43. Nc4 1-0

[Event "Reykjavik Open 2026"]
[Site "Reykjavik ISL"]
[Date "2026.03.31"]
[Round "9.82"]
[White "Thorsteinsdottir, Hallgerdur"]
[Black "Sveinsson, Gudmundur Peng"]
[Result "1-0"]
[WhiteTitle "WFM"]
[WhiteElo "2042"]
[BlackElo "1664"]
[WhiteFideId "2302454"]
[BlackFideId "2314550"]
[EventDate "2026.03.25"]

1. e4 c5 2. Nf3 d6 3. Bc4 Nf6 4. d3 Nc6 5. a4 g6 6. c3 Bg7 7. Bb3 O-O 8. O-O Qc7
9. h3 b6 10. Re1 Na5 11. Bc2 d5 12. e5 Nd7 13. d4 cxd4 14. cxd4 e6 15. Nc3 a6
16. Bg5 Nc6 17. Qd2 Re8 18. Nh2 f6 19. exf6 Nxf6 20. Bxf6 Bxf6 21. Nxd5 Qf7 22.
Ng4 Bg7 23. Ndf6+ Kh8 24. Nxe8 Qxe8 25. d5 Nd4 26. Ne5 Nxc2 27. Qxc2 Bb7 28. d6
Rc8 29. Qb3 Bxe5 30. Rxe5 Qc6 31. f3 Qxd6 32. Qxe6 Qd4+ 33. Kh1 Qf4 34. Rae1 Rf8
35. Qg4 Qd2 36. Re8 Kg7 37. R1e7+ Rf7 38. Rxf7+ Kxf7 39. Qe6+ Kg7 40. Qe7+ Kh6
41. Qh4+ Kg7 42. Re7+ Kf8 43. Qf6+ Kg8 44. Qg7# 1-0

[Event "Reykjavik Open 2026"]
[Site "Reykjavik ISL"]
[Date "2026.03.31"]
[Round "9.84"]
[White "Song, Jeffrey"]
[Black "Bombek, Peter"]
[Result "0-1"]
[BlackTitle "FM"]
[WhiteElo "1653"]
[BlackElo "2112"]
[WhiteFideId "30976987"]
[BlackFideId "14902230"]
[EventDate "2026.03.25"]

1. d4 d5 2. c4 e6 3. Nf3 Nf6 4. Nc3 Be7 5. Bg5 h6 6. Bxf6 Bxf6 7. e3 O-O 8. Rc1
c6 9. h4 Nd7 10. g4 e5 11. cxd5 exd4 12. Nxd4 cxd5 13. Nxd5 Ne5 14. Nxf6+ Qxf6
15. g5 hxg5 16. hxg5 Qxg5 17. Bd3 g6 18. Be2 Rd8 19. Qb3 Rxd4 20. Rxc8+ Rxc8 21.
exd4 Rc1+ 22. Bd1 Qg2 23. Rh3 Nc4 24. Rd3 Qe4+ 25. Kf1 Nxb2 26. Re3 Rxd1+ 27.
Qxd1 Qh1+ 0-1

[Event "Reykjavik Open 2026"]
[Site "Reykjavik ISL"]
[Date "2026.03.31"]
[Round "9.85"]
[White "Llari, Marc"]
[Black "Stolyarov, Alan"]
[Result "1-0"]
[WhiteTitle "FM"]
[WhiteElo "2300"]
[BlackElo "1890"]
[WhiteFideId "651044269"]
[BlackFideId "30906008"]
[EventDate "2026.03.25"]

1. e4 c5 2. Nf3 d6 3. d4 cxd4 4. Nxd4 Nf6 5. Nc3 a6 6. f4 e5 7. Nb3 Be7 8. fxe5
dxe5 9. Qxd8+ Bxd8 10. Be3 b5 11. a4 b4 12. Nd5 Nbd7 13. Nxb4 Nxe4 14. O-O-O Bb7
15. Bc4 Ndf6 16. Nc5 Nxc5 17. Bxc5 Be7 18. Bxe7 Kxe7 19. Rhe1 e4 20. Bd5 Rab8
21. Bxb7 Rxb7 22. Nc6+ Ke6 23. Rd8 Rc7 24. Nd4+ Ke5 25. Nf3+ Kf4 26. Rxh8 exf3
27. Rf1 1-0

[Event "Reykjavik Open 2026"]
[Site "Reykjavik ISL"]
[Date "2026.03.31"]
[Round "9.86"]
[White "Baert, Andy"]
[Black "Hermannsson, Sigurbjorn"]
[Result "1-0"]
[WhiteTitle "FM"]
[WhiteElo "2117"]
[BlackElo "1887"]
[WhiteFideId "200107"]
[BlackFideId "2325128"]
[EventDate "2026.03.25"]

1. c4 e6 2. Nf3 d5 3. e3 Nf6 4. Nc3 c6 5. b3 Nbd7 6. Qc2 Bd6 7. Bb2 O-O 8. d4
Re8 9. Be2 e5 10. cxd5 cxd5 11. dxe5 Nxe5 12. O-O Be6 13. Nb5 Rc8 14. Qd2 Nxf3+
15. Bxf3 Bb8 16. Rac1 Ng4 17. Bxg4 Bxg4 18. h3 Rxc1 19. Rxc1 Bc8 20. Qc3 f6 21.
Nc7 Bxc7 22. Qxc7 Qxc7 23. Rxc7 a6 24. Bd4 h5 25. Kf1 Rf8 26. Bc5 Re8 27. Ke2
Kh7 28. Kd2 b5 29. Kc3 Bf5 30. Ra7 d4+ 31. Bxd4 Rc8+ 32. Kb4 Rc2 33. Rxa6 Rxf2
34. e4 Rf4 35. exf5 Rxd4+ 36. Kxb5 Rd5+ 37. Kc6 Rxf5 38. b4 Rf2 39. b5 Rxg2 40.
b6 Rc2+ 41. Kd7 g5 42. b7 Rb2 43. Kc7 Rxb7+ 44. Kxb7 f5 45. Rf6 f4 46. a4 1-0

[Event "Reykjavik Open 2026"]
[Site "Reykjavik ISL"]
[Date "2026.03.31"]
[Round "9.87"]
[White "Sorensen, Per Settergren"]
[Black "Todmunkh, Turbat"]
[Result "1/2-1/2"]
[WhiteElo "2110"]
[BlackElo "1880"]
[WhiteFideId "1413872"]
[BlackFideId "4925084"]
[EventDate "2026.03.25"]

1. e4 e5 2. Nf3 Nc6 3. Bb5 f5 4. d3 fxe4 5. dxe4 Nf6 6. Bxc6 bxc6 7. O-O Bc5 8.
Nxe5 O-O 9. Nd3 Nxe4 10. Nxc5 Nxc5 11. Be3 Ne6 12. Nc3 d6 13. Qd2 c5 14. Rad1
Bb7 15. Nd5 Qd7 16. c4 a5 17. f4 Rae8 18. f5 Nd4 19. Bxd4 cxd4 20. Qxd4 Rxf5 21.
Rxf5 Qxf5 22. Rf1 Qg5 23. h4 Qg3 24. Qf4 Qxf4 25. Nxf4 Re4 26. b3 g6 27. g3 Re3
28. Kh2 Kg7 29. Rd1 Bf3 30. Rd3 Rxd3 31. Nxd3 Be4 32. Nc1 Kf6 33. g4 Ke5 34. Kg3
h6 35. a3 g5 36. hxg5 hxg5 37. Ne2 Bc2 38. b4 axb4 39. axb4 Bd3 40. Ng1 Bxc4 41.
Nf3+ Kf6 42. Kf2 Be6 43. Nh2 Ke5 44. Ke3 Bd5 45. Nf1 Be4 46. Nd2 Bd5 47. Nf1 Bf7
48. Nd2 Bd5 49. Nf1 1/2-1/2

[Event "Reykjavik Open 2026"]
[Site "Reykjavik ISL"]
[Date "2026.03.31"]
[Round "9.88"]
[White "Rutkowski, Feliks"]
[Black "Isleifsson, Runar"]
[Result "1-0"]
[WhiteElo "2103"]
[BlackElo "1860"]
[WhiteFideId "21064920"]
[BlackFideId "2305917"]
[EventDate "2026.03.25"]

1. e4 e5 2. Nf3 Nf6 3. Nxe5 d6 4. Nf3 Nxe4 5. Nc3 Nxc3 6. dxc3 Be7 7. Bf4 Nc6 8.
Qd2 Be6 9. O-O-O Qd7 10. Ng5 Bxg5 11. Bxg5 f6 12. Be3 Qf7 13. b3 O-O 14. Re1 Kh8
15. h4 Ne5 16. h5 a5 17. a4 Rfd8 18. Be2 c5 19. Rh4 Nc6 20. Bf3 Ne5 21. Be2 Nc6
22. Reh1 Qf8 23. c4 d5 24. cxd5 Bxd5 25. Qc3 b6 26. Rd1 Nb4 27. Kb2 Bf7 28. h6
g6 29. Bg5 Nd5 30. Rxd5 Bxd5 31. Bxf6+ Kg8 32. Bxd8 Rxd8 33. Bd3 Qf7 34. Rf4 Qe7
35. Rf6 Rf8 36. Rd6 c4 37. Bxc4 Bxc4 38. Qxc4+ Kh8 39. Qd4+ 1-0

[Event "Reykjavik Open 2026"]
[Site "Reykjavik ISL"]
[Date "2026.03.31"]
[Round "9.89"]
[White "Laureano, Dereck"]
[Black "Skarphedinsson, Ingvar Wu"]
[Result "0-1"]
[WhiteElo "1891"]
[BlackElo "2099"]
[WhiteFideId "2076926"]
[BlackFideId "2316943"]
[EventDate "2026.03.25"]

1. b3 e5 2. Bb2 Nc6 3. e3 g6 4. f4 Bg7 5. Nf3 Qe7 6. Bb5 d6 7. Bxc6+ bxc6 8.
fxe5 dxe5 9. Qe2 Bg4 10. Qc4 Bxf3 11. gxf3 Qd7 12. f4 Ne7 13. fxe5 O-O 14. Na3
Qf5 15. Rf1 Qh5 16. Qe2 Qh4+ 17. Qf2 Qh5 18. Qe2 Qh4+ 19. Qf2 Qg4 20. Qf4 Qe6
21. Nc4 Nd5 22. Qh4 Nb6 23. O-O-O Rfe8 24. Rf4 Nxc4 25. Rxc4 Bxe5 26. Bxe5 Qxe5
27. Kb1 Qd6 28. Qh6 Qf6 29. Rf4 Qg7 30. Qxg7+ Kxg7 31. Rc4 Re6 32. Rf1 Rd8 33.
Kc1 Rd5 34. Rff4 Rg5 35. Rg4 Rxg4 36. Rxg4 Rf6 37. Ra4 h5 38. Kd1 Rf2 39. h4 Rh2
40. Rxa7 Rxh4 41. Rxc7 g5 42. Rxc6 g4 43. a4 g3 44. Ke2 Rh2+ 45. Kf3 h4 46. Rc4
Rf2+ 47. Kg4 g2 48. Kh3 g1=Q 49. Rg4+ Qxg4+ 50. Kxg4 Rxd2 0-1

[Event "Reykjavik Open 2026"]
[Site "Reykjavik ISL"]
[Date "2026.03.31"]
[Round "9.90"]
[White "Spagnoli, Benjamin"]
[Black "Dimitrijevic, Aleksandra"]
[Result "0-1"]
[BlackTitle "WGM"]
[WhiteElo "1890"]
[BlackElo "2063"]
[WhiteFideId "20667116"]
[BlackFideId "929239"]
[EventDate "2026.03.25"]

1. e4 c5 2. Nf3 e6 3. c3 Nf6 4. e5 Nd5 5. d4 cxd4 6. cxd4 Be7 7. Nc3 Nxc3 8.
bxc3 d5 9. Bd3 Bd7 10. Bd2 b5 11. Rb1 a6 12. Bc2 Nc6 13. a4 Na5 14. axb5 Bxb5
15. Ba4 Qd7 16. Bxb5 axb5 17. Ra1 O-O 18. O-O Ra7 19. Qc2 Rfa8 20. Ra2 h6 21.
Rfa1 Nc4 22. h3 Ra4 23. Bc1 Rxa2 24. Rxa2 Ra4 25. Nd2 Qa7 26. Rxa4 Qxa4 27. Qxa4
bxa4 28. Nxc4 dxc4 29. Kf1 a3 30. Ke2 a2 31. Bb2 Ba3 32. Ba1 Kf8 33. Kf3 Ke7 34.
Ke4 h5 35. d5 Bc5 36. f4 g6 37. g4 hxg4 38. hxg4 Kd7 39. dxe6+ fxe6 40. f5 exf5+
41. gxf5 g5 42. Kf3 Kc6 43. Kg4 Kd5 44. e6 Be7 45. Kf3 Ke5 46. Kg4 Ke4 47. Bb2
Kd3 48. Kh5 Kc2 49. Ba1 Kb1 50. Kg6 Kxa1 51. f6 Bxf6 52. Kxf6 Kb1 53. e7 a1=Q
54. e8=Q Qxc3+ 55. Kxg5 Qd2+ 56. Kg4 c3 57. Qb5+ Kc1 58. Qa5 Qd4+ 59. Kg3 c2 0-1